| Tag |
First Indicator |
Second Indicator |
Subfields |
| LEADER |
00000cam a2200000 4500 |
| 001 |
in00000048156 |
| 005 |
20151007065551.0 |
| 008 |
750818s1915 mau 00000 eng u |
| 010 |
|
|
|a 15025259
|
| 035 |
|
|
|a (OCoLC)01555738
|
| 035 |
|
|
|9 AAE2251AM
|
| 040 |
|
|
|c MNL
|d TXA
|d UtOrBLW
|
| 049 |
|
|
|a TXAM
|c [6121]
|
| 050 |
|
0 |
|a PS3525.O74
|b M6 1915
|
| 092 |
|
|
|a 504
|b M87m
|
| 100 |
1 |
|
|a Morris, Elisabeth Woodbridge,
|d 1870-1964.
|
| 245 |
1 |
0 |
|a More Jonathan papers :
|b by Elisabeth Woodbridge.
|
| 264 |
|
1 |
|a Boston,
|a New York :
|b Houghton Mifflin,
|c [1915]
|
| 300 |
|
|
|a 216 pages ;
|c 19 cm.
|
| 336 |
|
|
|a text
|b txt
|2 rdacontent
|
| 337 |
|
|
|a unmediated
|b n
|2 rdamedia
|
| 338 |
|
|
|a volume
|b nc
|2 rdacarrier
|
| 505 |
0 |
|
|a The searchings of Jonathan.--Sap-time.--Evenings on the farm.--After frost.--The joys of garden stewardship.--Trout and arbutus.--Without the time of day.--The ways of Griselda.--A row-boat pilgrimage.
|
| 999 |
|
|
|a MARS
|
| 999 |
f |
f |
|s 3b1ccbd9-b0a7-313b-a665-d85a1133ffdf
|i 09844c9f-498b-301e-9cd1-567ed62c19d9
|t 0
|
| 952 |
f |
f |
|p ric
|a Texas A&M University
|b Rellis Campus
|c Joint Library Facility
|d Remote Storage
|t 0
|e PS3525.O74 M6 1915
|h Library of Congress classification
|i unmediated -- volume
|m A14800893010
|
| 998 |
f |
f |
|a PS3525.O74 M6 1915
|t 0
|l Remote Storage
|